Hydraulics of steady flow in open channels /

Bibliographic Details
Main Author: Woodward, Sherman Melville, 1871-
Other Authors: Posey, Chesley Johnston, 1906-
Format: Book
Language:English
Published: New York : London : J. Wiley & sons, inc.; Chapman & Hall, limited, [1941]
Subjects:

MARC

Tag First Indicator Second Indicator Subfields
LEADER 00000cam a2200000 4500
001 in00000039732
005 20151007064537.0
008 750918s1941 nyu 00010 eng
010 |a  41027644  
035 |a (OCoLC)01632337 
035 |9 AAE0070AM 
040 |a DLC  |c FQG  |d TXA  |d UtOrBLW 
049 |a TXAM   |c 2 [423539] 
050 0 0 |a TC175  |b .W64 
082 0 |a 632.54 
092 |a 532.54  |b W912h 
100 1 |a Woodward, Sherman Melville,  |d 1871- 
245 1 0 |a Hydraulics of steady flow in open channels /  |c by Sherman M. Woodward ... and Chesley J. Posey ... 
264 1 |a New York :  |b J. Wiley & sons, inc.;  |a London :  |b Chapman & Hall, limited,  |c [1941] 
264 4 |c [©1941] 
300 |a viii, 151 pages :  |b including illustrations, tables, diagrams ;  |c 23 1/2 cm. 
336 |a text  |b txt  |2 rdacontent 
337 |a unmediated  |b n  |2 rdamedia 
338 |a volume  |b nc  |2 rdacarrier 
500 |a On spine: Steady flow in open channels. 
650 0 |a Hydraulics. 
700 1 |a Posey, Chesley Johnston,  |d 1906- 
740 0 |a Steady flow in open channels. 
999 |a MARS 
999 f f |s b8ff0a22-8c0a-3e0b-aa95-ac80106ee1cf  |i 5c127ed4-b4ff-34a2-bf43-fffbf4bff176  |t 0 
952 f f |p ric  |a Texas A&M University  |b Rellis Campus  |c Joint Library Facility  |d Remote Storage  |t 0  |e TC175 .W64  |h Library of Congress classification  |i unmediated -- volume  |m A14800915040 
998 f f |a TC175 .W64  |t 0  |l Remote Storage